| 000 | 00587nam a22001817a 4500 | ||
|---|---|---|---|
| 999 |
_c140079 _d140079 |
||
| 005 | 20230726121302.0 | ||
| 010 | _aENG-118229 | ||
| 020 |
_a9788172132880 _c495.00 |
||
| 035 | _aEN-101761 | ||
| 037 | _bDBAD/PUB | ||
| 082 | _a305.80095451 | ||
| 100 | _aHazarika, Prafulla | ||
| 245 |
_aThe lost glory of kaibarttas in assam / _cby Prafulla, Hazarika |
||
| 260 |
_aGuwahati _bPurbanchal prakash _c2015 |
||
| 270 | _aH. No. -2, Seujee Path, Wireless, Dr. B. N. Saikia Road , Guwahati-781006 | ||
| 300 |
_a160.00p. _c22cm. (Hb) |
||
| 942 |
_2ddc _cEN _h305.80095451 _mHAZ |
||